000 00508nam a22001817a 4500
003 NUST - PNEC
005 20170116180756.0
008 150403b xxu||||| |||| 00| 0 eng d
020 _a9694023548
040 _cLibrary
082 _a306.20 AZI
100 _92080
_aAziz k.k
245 _aPakistan's Political Culture: Essays in Historical and Social Origins
_c K. K. Aziz
260 _aIslamabad
_bVanguard
_cc2001.
300 _a460p. :
650 _92081
_aPolitical science
_xGeneral
942 _2ddc
_cBK
999 _c62742
_d62742